00995nam a2200217Ia 4500003000900000008004100009020001800050040001600068080002300084111012400107245019800231260003700429300001400466490005100480650004100531650002500572700003000597942000700627999001500634952012800649IN-BaIIA211028s9999 xx 000 0 eng d a90-277-2714-7 cIIA Library a52(082.1)bASS-144 aInternational Astronomical Union Colloquium on Bioastronomy - the Next StepscBalaton, Hungary,d1987 June 22-27915762 0aBioastronomy - the next stepsbproceedings of the International Astronomical Union colloquium on bioastronomy - the next steps, held in Balaton, Hungary, 22-27 June 1987cedited by George Marx aDordrechtbKluwer Academicc1988 axx, 434p. aAstrophysics and space science library; v. 144 aAstronomy and astrophysics thesaurus aOrigin of life93519 aMarx, George .,ed.915763 cBK c9351d9351 00104070aBANbBANcGENd0000-00-00g1584.00l0o52(082.1)/ ASS-144p10258r2021-11-05v1584.00w0000-00-00yBKGRs. 1584